MARC

LEADER 00000nam0a2200000 4500
001 329855
005 20231102004213.0
035 |a (RuTPU)RU\TPU\book\355623 
035 |a RU\TPU\book\355621 
090 |a 329855 
100 |a 20170322d1981 k y0rusy5003 ca 
101 0 |a rus 
102 |a RU 
105 |a a z 001zy 
200 1 |a Силурийские и девонские табуляторы Монголии  |f Т. Т. Шаркова  |g Академия наук СССР (АН СССР), Палеонтологический институт (ПИН) ; Академия наук Монгольской Народной Республики (АН МНР), Геологический институт ; отв. ред. И. И. Чудинова ; Р. Е. Алексеева 
210 |a Москва  |c Наука  |d 1981 
215 |a 104 с.  |c ил. 
225 1 |a Труды совместной Советско-Монгольской палеонтологической экспедиции  |v Вып. 14 
320 |a Библиография в конце статей 
320 |a Библиогр.: с. 92-95 
606 1 |a Табуляты  |2 stltpush  |3 (RuTPU)RU\TPU\subj\58508  |9 76291 
610 1 |a силур 
610 1 |a стратиграфия 
610 1 |a Монгольская Народная Республика 
610 1 |a экспедиции 
610 1 |a фауна 
610 1 |a флора 
610 1 |a девон 
610 1 |a силурийские отложения 
610 1 |a девонские отложения 
610 1 |a биостратиграфия 
610 1 |a Гоби, пустыня 
675 |a 56  |z rus  |v 3 
675 |a 551.781  |z rus  |v 3 
700 1 |a Шаркова  |b Т. Т.  |g Татьяна Трофимовна 
702 1 |a Чудинова  |b И. И.  |4 340 
702 1 |a Алексеева  |b Р. Е.  |4 340 
712 0 2 |a Академия наук СССР (АН СССР)  |b Палеонтологический институт (ПИН)  |c (Москва)  |2 stltpush  |3 (RuTPU)RU\TPU\col\11384 
712 0 2 |a Академия наук Монгольской Народной Республики (АН МНР)  |b Геологический институт  |2 stltpush  |3 (RuTPU)RU\TPU\col\11935 
801 0 |a RU  |b 63413507  |c 19950704  |g psbo 
801 1 |a RU  |b 63413507  |c 20150304 
801 2 |a RU  |b 63413507  |c 20170324  |g RCR 
942 |c BK